Kluby piłkarskie ze wszystkich miast w Polsce - Statystyki

Ogólne statystyki
  • Ten quiz został rozwiązany 272 razy
    45 od ostatniego zresetowania
  • Średni wynik to 91 z 957
Statystyki odpowiedzi
Miasto Klub Poziom
rozgrywkowy
% Poprawnych
Legnica Miedź I Liga
85%
Wrocław Śląsk I Liga
79%
Lubin Zagłębie Ekstraklasa
79%
Grudziądz Olimpia II Liga
76%
Płock Wisła Ekstraklasa
76%
Bydgoszcz Zawisza III Liga
76%
Głogów Chrobry I Liga
74%
Toruń Elana III Liga
74%
Bełchatów GKS III Liga
74%
Łęczna Górnik I Liga
74%
Warszawa Legia Ekstraklasa
74%
Lublin Motor Ekstraklasa
74%
Gdynia Arka Ekstraklasa
71%
Kraków Cracovia Ekstraklasa
71%
Gdańsk Lechia Ekstraklasa
71%
Opole Odra I Liga
71%
Radom Radomiak Ekstraklasa
71%
Mielec Stal I Liga
71%
Zabrze Górnik. Ekstraklasa
68%
Bytom Polonia I Liga
68%
Częstochowa Raków Ekstraklasa
68%
Łódź Widzew Ekstraklasa
68%
Świdnik Avia III Liga
65%
Katowice GKS Ekstraklasa
65%
Polkowice Górnik III Liga
65%
Wałbrzych Górnik IV Liga
65%
Kielce Korona Ekstraklasa
65%
Poznań Lech Ekstraklasa
65%
Gliwice Piast Ekstraklasa
65%
Siedlce Pogoń I Liga
65%
Szczecin Pogoń Ekstraklasa
65%
Chorzów Ruch I Liga
65%
Chełm Chełmianka III Liga
62%
Chojnice Chojniczanka II Liga
62%
Tychy GKS I LIga
62%
Białystok Jagiellonia Ekstraklasa
62%
Elbląg Olimpia III Liga
62%
Stalowa Wola Stal II Liga
62%
Olsztyn Stomil IV Liga
62%
Sosnowiec Zagłębie II Liga
62%
Pruszków Znicz I Liga
62%
Zamość Hetman IV Liga
59%
Niepołomice Puszcza I Liga
59%
Rzeszów Stal I Liga
59%
Suwałki Wigry III Liga
59%
Puławy Wisła Liga Okręgowa
59%
Świnoujście Flota III Liga
56%
Łomża ŁKS III Liga
56%
Bielsko-Biała Podbeskidzie II Liga
56%
Bytów Bytovia IV Liga
53%
Kalisz KKS II Liga
53%
Legionowo Legionovia IV Liga
53%
Grodzisk Mazowiecki Pogoń I Liga
53%
Wejherowo Gryf IV Liga
50%
Kołobrzeg Kotwica Liga Okręgowa
50%
Zielona Góra Lechia III Liga
50%
Nowy Sącz Sandecja II Liga
50%
Tarnobrzeg Siarka III Liga
50%
Łowicz Pelikan IV Liga
47%
Nowy Targ Podhale II Liga
47%
Radomsko RKS IV Liga
47%
Rybnik ROW 1964 IV Liga
47%
Skierniewice Unia II Liga
47%
Ząbki Ząbkovia III Liga
47%
Jastrzębie-Zdrój GKS II Liga
44%
Słupsk Gryf IV Liga
44%
Jelenia Góra Karkonosze III Liga
44%
Tomaszów Mazowiecki Lechia III Liga
44%
Gniezno Mieszko IV Liga
44%
Kluczbork MKS III Liga
44%
Kleczew Sokół II Liga
44%
Tarnów Unia IV Liga
44%
Sieradz Warta III Liga
44%
Ostrowiec Świętokrzyski KSZO III Liga
41%
Starachowice Star III Liga
41%
Nowy Dwór Mazowiecki Świt III Liga
41%
Oświęcim Unia V Liga
41%
Dębica Wisłoka III Liga
41%
Stargard Błękitni III Liga
38%
Środa Wielkopolska Polonia III Liga
38%
Radzionków Ruch Liga Okręgowa
38%
Kraśnik Stal III Liga
38%
Konin Górnik IV Liga
35%
Limanowa Limanovia IV Liga
35%
Mława Mławianka III Liga
35%
Ostróda Sokół IV Liga
35%
Turek Tur 1921 Liga Okręgowa
35%
Swarzędz Unia III Liga
35%
Kartuzy Cartusia III Liga
32%
Jarocin Jarota V Liga
32%
Dzierżoniów Lechia IV Liga
32%
Radzymin Mazur Liga Okręgowa
32%
Bytom Odrzański Odra IV Liga
32%
Świecie Wda III Liga
32%
Sandomierz Wisła Liga Okręgowa
32%
Iława Jeziorak Liga Okręgowa
29%
Zambrów Olimpia IV Liga
29%
Nysa Polonia III Liga
29%
Brzeg Stal IV Liga
29%
Andrychów Beskid IV Liga
26%
Gubin Carina III Liga
26%
Opoczno Ceramika IV Liga
26%
Ełk Mazur IV Liga
26%
Słubice Polonia IV Liga
26%
Przemyśl Polonia IV Liga
26%
Aleksandrów Łódzki Sokół IV Liga
26%
Police Chemik IV Liga
24%
Połaniec Czarni III Liga
24%
Krosno Karpaty IV Liga
24%
Karczew Mazur IV Liga
24%
Milanówek Milan Liga Okręgowa
24%
Radzyń Podlaski Orlęta IV Liga
24%
Żmigród Piast IV Liga
24%
Biała Podlaska Podlasie III Liga
24%
Sulejówek Victoria IV Liga
24%
Gorzów Wielkopolski Warta III Liga
24%
Koszalin Bałtyk IV Liga
21%
Kędzierzyn-Koźle Chemik Liga Okręgowa
21%
Knurów Concordia V Liga
21%
Jasło Czarni IV Liga
21%
Gorlice Glinik IV Liga
21%
Tarnowskie Góry Gwarek IV Liga
21%
Boguchwała Izolator IV Liga
21%
Biłgoraj Łada 1945 IV Liga
21%
Piaseczno MKS IV Liga
21%
Ostrów Wielkopolski Ostrovia IV Liga
21%
Łapy Pogoń Liga Okręgowa
21%
Lębork Pogoń IV Liga
21%
Wysokie Mazowieckie Ruch IV Liga
21%
Jaworzno Szczakowianka V Liga
21%
Racibórz Unia Liga Okręgowa
21%
Błonie Błonianka IV Liga
18%
Terespol Granica Klasa A
18%
Jarosław JKS IV Liga
18%
Józefów Józefovia V Liga
18%
Wasilków KS III Liga
18%
Ustroń Kuźnia IV Liga
18%
Mińsk Mazowiecki Mazovia IV Liga
18%
Jędrzejów Naprzód III Liga
18%
Kłodzko Nysa Klasa A
18%
Piastów Piast Klasa A
18%
Białobrzegi Pilica IV Liga
18%
Leszno Polonia 1912 IV Liga
18%
Malbork Pomezania IV Liga
18%
Kazimierza Wielka Sparta III Liga
18%
Jasień Stal III Liga
18%
Wolin Vineta Klasa A
18%
Grajewo Warmia IV Liga
18%
Włocławek Włocłavia Liga Okręgowa
18%
Żagań Czarni IV Liga
15%
Darłowo Darłovia IV Liga
15%
Nowe Miasto Lubawskie Drweca IV Liga
15%
Złotoryja Górnik IV Liga
15%
Morąg Huragan Liga Okręgowa
15%
Kórnik Kotwica IV Liga
15%
Starogard Gdański KP IV Liga
15%
Chełmża Legia Liga Okręgowa
15%
Marki Marcovia IV Liga
15%
Ciechanów MKS V Liga
15%
Przasnysz MKS IV Liga
15%
Oława Moto Jelcz IV Liga
15%
Ostrów Mazowiecka Ostrovia Liga Okręgowa
15%
Nowa Ruda Piast IV Liga
15%
Nowe Skalmierzyce Pogoń III Liga
15%
Środa Śląska Polonia IV Liga
15%
Lidzbark Warmiński Polonia IV Liga
15%
Łańcut Stal IV Liga
15%
Tomaszów Lubelski Tomasovia IV Liga
15%
Zawiercie Warta Liga Okręgowa
15%
Biała Piska Znicz III Liga
15%
Żyrardów Żyrardowianka V Liga
15%
Milicz Barycz Klasa A
12%
Bielawa Bielawianka Liga Okręgowa
12%
Zgierz Boruta IV Liga
12%
Kozienice Energia V Liga
12%
Radlin Górnik Liga Okręgowa
12%
Kętrzyn Granica IV Liga
12%
Nowy Staw Grom IV Liga
12%
Gryfów Śląski Gryf Liga Okręgowa
12%
Wołomin Huragan V Liga
12%
Kościerzyna Kaszubia Liga Okręgowa
12%
Zakopane KS Liga Okręgowa
12%
Łomianki KS IV Liga
12%
Rypin Lech IV Liga
12%
Lubartów Lewart IV Liga
12%
Łagów ŁKS Klasa B
12%
Maków Mazowiecki Makowianka IV Liga
12%
Ozimek Małapanew IV Liga
12%
Giżycko Mamry IV Liga
12%
Władysławowo MKS Liga Okręgowa
12%
Mszczonów Mszczonowianka IV Liga
12%
Czarnków Noteć III Liga
12%
Kowary Olimpia Klasa A
12%
Opole Lubelskie Opolanin Liga Okręgowa
12%
Łuków Orlęta IV Liga
12%
Czyżew Orlęta Liga Okręgowa
12%
Przysucha Oskar IV Liga
12%
Ożarów Mazowiecki Ożarowianka IV Liga
12%
Błaszki Piast Klasa A
12%
Człuchów Piast IV Liga
12%
Leżajsk Pogoń Liga Okręgowa
12%
Lubaczów Pogoń-Sokół III Liga
12%
Trzebnica Polonia Liga Okręgowa
12%
Muszyna Poprad IV Liga
12%
Pionki Proch V Liga
12%
Zdzieszowice Ruch IV Liga
12%
Brodnica Sparta IV Liga
12%
Poniatowa Stal Liga Okręgowa
12%
Namysłów Start IV Liga
12%
Nidzica Start IV Liga
12%
Strzelin Strzeliniank Liga Okręgowa
12%
Wąbrzeźno Unia IV Liga
12%
Kobyłka Wicher V Liga
12%
Garwolin Wilga IV Liga
12%
Szczuczyn Wissa IV Liga
12%
Bolesławiec BKS Bobrzanie Liga Okręgowa
9%
Tłuszcz Bóbr Klasa A
9%
Wyszków Bug V Liga
9%
Inowrocław Cuiavia IV Liga
9%
Dębno Dąb IV Liga
9%
Nowa Sól Dozamet IV Liga
9%
Siechnice Energetyk Klasa A
9%
Kruszwica Gopło Liga Okręgowa
9%
Wieliczka Górnik Liga Okręgowa
9%
Tczew Gryf Liga Okręgowa
9%
Goleniów Ina IV Liga
9%
Pszczyna Iskra Liga Okręgowa
9%
Stęszew Lipno III Liga
9%
Piszczac Lutnia Liga Okręgowa
9%
Gostynin Mazur Klasa A
9%
Radymno MKS Klasa A
9%
Lędziny MKS V Liga
9%
Myszków MKS Klasa A
9%
Brwinów Naprzód Klasa A
9%
Końskie Neptun IV Liga
9%
Ścinawa Odra Liga Okręgowa
9%
Olesno OKS IV Liga
9%
Iłowa Piast IV Liga
9%
Miechów Pogoń Liga Okręgowa
9%
Prudnik Pogoń Liga Okręgowa
9%
Głubczyce Polonia Liga Okręgowa
9%
Kępno Polonia 1908 Marcinki V Liga
9%
Końskowola Powiślak Liga Okręgowa
9%
Prochowice Prochowiczanka IV Liga
9%
Żary Promień Liga Okręgowa
9%
Brzeg Dolny Rokita 1946 Liga Okręgowa
9%
Gołdap Rominta IV Liga
9%
Świętochłowice Śląsk V Liga
9%
Sieniawa Sokół Liga Okręgowa
9%
Rejowiec Fabryczny Sparta Liga Okręgowa
9%
Augustów Sparta IV Liga
9%
Głowno Stal IV Liga
9%
Krasnystaw Start IV Liga
9%
Sanniki Szopen Liga Okręgowa
9%
Biskupiec Tęcza IV Liga
9%
Bielsk Podlaski Tur IV Liga
9%
Bardo Unia Klasa A
9%
Solec Kujawski Unia IV Liga
9%
Krapkowice Unia Liga Okręgowa
9%
Września Victoria III Liga
9%
Wąwolnica Wawel Klasa B
9%
Skawina Wiślanie III Liga
9%
Włodawa Włodawianka Liga Okręgowa
9%
Kłobuck Znicz IV Liga
9%
Zwoleń Zwolenianka Klasa A
9%
Busko-Zdrój AKS IV Liga
6%
Stoczek Łukowski Armaty Klasa A
6%
Skoczów Beskid 09 V Liga
6%
Gąbin Błękitni Liga Okręgowa
6%
Oborniki Śląskie Bór Klasa A
6%
Kostrzyn nad Odrą Celuloza Liga Okręgowa
6%
Chełmno Chelmianka Liga Okręgowa
6%
Czeladź CKS V Liga
6%
Siemiatycze Cresovia Liga Okręgowa
6%
Czarne Czarni Klasa A
6%
Pruszcz Gdański Czarni IV Liga
6%
Dąbrowa Białostocka Dąb Liga Okręgowa
6%
Myślenice Dalin IV Liga
6%
Dobre Miasto DKS IV Liga
6%
Gryfino Energetyk Liga Okręgowa
6%
Grodków GKS Klasa A
6%
Łęczyca Górnik Klasa A
6%
Brzeszcze Gornik Klasa B
6%
Pszów Górnik Klasa B
6%
Skarżysko-Kamienna Granat IV Liga
6%
Lubycza Królewska Granica Klasa B
6%
Bychawa Granit IV Liga
6%
Kęty Hejnał Klasa A
6%
Byczyna Hetman Klasa A
6%
Tyszowce Huczwa Liga Okręgowa
6%
Międzyrzec Podlaski Huragan IV Liga
6%
Rzepin Ilanka IV Liga
6%
Ińsko Ina IV Liga
6%
Ustka Jantar Liga Okręgowa
6%
Jawor Jaworzanka 1946 Liga Okręgowa
6%
Kalwaria Zebrzydowska Kalwarianka IV Liga
6%
Gostyń Kania IV Liga
6%
Konstancin-Jeziorna Kosa Klasa A
6%
Kosów Lacki Kosovia Klasa A
6%
Piła KP V Liga
6%
Polanica-Zdrój KS Klasa
6%
Kutno KS IV Liga
6%
Jastrząb KS Klasa A
6%
Warka KS V Liga
6%
Puszczykowo Las Klasa A
6%
Lubań Łużyce IV Liga
6%
Grójec Mazowsze Liga Okręgowa
6%
Pisz Mazur Liga Okręgowa
6%
Bobolice Mechanik IV Liga
6%
Lipno Mień Liga Okręgowa
6%
Szczawno-Zdrój MKS Klasa A
6%
Janikowo MKS Klasa B
6%
Ryki MKS IV Liga
6%
Trzebinia MKS IV Liga
6%
Wyśmierzyce MKS Liga Okręgowa
6%
Gogolin MKS Liga Okręgowa
6%
Tułowice MKS Klasa A
6%
Wołczyn MKS Klasa B
6%
Działdowo MKS Liga Okręgowa
6%
Praszka Motor Liga Okręgowa
6%
Mrągowo Mragovia IV Liga
6%
Czechowice-Dziedzice MRKS V Liga
6%
Rydułtowy Naprzód Klasa A
6%
Ostrołęka Narew V Liga
6%
Choroszcz Narew Liga Okręgowa
6%
Pińczów Nida Liga Okręgowa
6%
Wągrowiec Nielba IV Liga
6%
Łabiszyn Noteć IV Liga
6%
Zgorzelec Nysa Liga Okręgowa
6%
Zbąszyń Obra Liga Okręgowa
6%
Sopot Ogniwo Klasa A
6%
Latowicz Olimpia Klasa A
6%
Lewin Brzeski Olimpia Klasa A
6%
Tarnogród Olimpiakos Liga Okręgowa
6%
Lubawka Orzeł Klasa A
6%
Prusice Orzeł Klasa A
6%
Ząbkowice Śląskie Orzeł IV Liga
6%
Czemierniki Orzeł Liga Okręgowa
6%
Urzędów Orzeł Klasa A
6%
Międzyrzecz Orzeł Liga Okręgowa
6%
Przeworsk Orzeł Liga Okręgowa
6%
Żnin Pałuczanka Liga Okręgowa
6%
Gorzów Śląski Piast Klasa A
6%
Strzelce Opolskie Piast IV Liga
6%
Chociwel Piast Liga Okręgowa
6%
Sokołów Podlaski Podlasie V Liga
6%
Duszniki-Zdrój Pogoń Klasa A
6%
Oleśnica Pogoń Klasa A
6%
Syców Pogoń Klasa B
6%
Mogilno Pogoń IV Liga
6%
Zduńska Wola Pogoń Liga Okręgowa
6%
Kock Polesie Liga Okręgowa
6%
Bystrzyca Kłodzka Polonia Klasa A
6%
Łaziska Górne Polonia IV Liga
6%
Płoty Polonia Liga Okręgowa
6%
Lipsko Powiślanka Liga Okręgowa
6%
Dzierzgoń Powiśle IV Liga
6%
Łaskarzew Promnik Klasa A
6%
Proszowice Proszowianka Liga Okręgowa
6%
Siewierz Przemsza IV Liga
6%
Dobczyce Raba V Liga
6%
Szczebrzeszyn Roztocze Liga Okręgowa
6%
Izbica Ruch Liga Okręgowa
6%
Rumia Salos Liga Okręgowa
6%
Mielno Saturn Klasa A
6%
Żelechów Sęp Liga Okręgowa
6%
Siemianowice Śląskie Siemianowiczanka Liga Okręgowa
6%
Ruda Śląska Slavia Liga Okręgowa
6%
Sokółka Sokół 1946 Liga Okręgowa
6%
Chocianów Stal Liga Okręgowa
6%
Pruszcz Start IV Liga
6%
Otwock Start Klasa A
6%
Dobrodzień Start Klasa B
6%
Luboń Stella V Liga
6%
Supraśl Supraślanka IV Liga
6%
Łobez Światowid 63 Liga Okręgowa
6%
Krzeszowice Świt V Liga
6%
Szydłowiec Szydłowianka Liga Okręgowa
6%
Ostrów Lubelski Tajfun Klasa A
6%
Mrocza Tarpan Klasa B
6%
Miłomłyn Tęcza Klasa A
6%
Lądek-Zdrój Trojan Klasa A
6%
Łask UMKS Korab IV Liga
6%
Gniewkowo Unia IV Liga
6%
Kolonowskie Unia Klasa A
6%
Kalety Unia Liga Okręgowa
6%
Ciechanowiec Unia 1976 Klasa A
6%
Parczew Victoria Liga Okręgowa
6%
Kałuszyn Victoria Klasa A
6%
Mrozy Watra Liga Okręgowa
6%
Lidzbark Wel Klasa A
6%
Bierutów Widawa Klasa A
6%
Małogoszcz Wierna IV Liga
6%
Wilamowice Wilamowiczanka Klasa A
6%
Annopol Wisła Klasa A
6%
Maciejowice Wisła Klasa B
6%
Żuromin Wkra Liga Okręgowa
6%
Pabianice Włókniarz Liga Okręgowa
6%
Kietrz Włókniarz Klasa A
6%
Puck Zatoka Klasa B
6%
Braniewo Zatoka Liga Okręgowa
6%
Ciechocinek Zdrój Liga Okręgowa
6%
Międzybórz Zenit Liga Okręgowa
6%
Żarów Zjednoczeni Liga Okręgowa
6%
Stryków Zjednoczeni IV Liga
6%
Drohiczyn Żubr Liga Okręgowa
6%
Kostrzyn 1922 Lechia V Liga
3%
Strzegom AKS IV Liga
3%
Mikołów AKS V Liga
3%
Ożarów Alit IV Liga
3%
Maszewo Amator Liga Okręgowa
3%
Krotoszyn Astra V Liga
3%
Goniądz Biebrza Klasa A
3%
Dobiegniew Błękitni Klasa B
3%
Bodzanów Błękitni Liga Okręgowa
3%
Pasym Błękitni Liga Okręgowa
3%
Bochnia Bocheński KS IV Liga
3%
Czersk Borowiak Klasa A
3%
Gozdnica Budowlani A Klasa
3%
Lubsko Budowlani Liga Okręgowa
3%
Sochaczew Bzura Chodaków Klasa B
3%
Chojnów Chojnowianka Liga Okręgowa
3%
Józefów Cosmos Klasa B
3%
Górowo Iławeckie Cresovia Liga Okręgowa
3%
Jelcz-Laskowice Czarni Klasa A
3%
Nakło nad Notecią Czarni Klasa A
3%
Witnica Czarni Liga Okręgowa
3%
Węgrów Czarni Liga Okręgowa
3%
Korfantów Czarni Klasa B
3%
Otmuchów Czarni Liga Okręgowa
3%
Czarna Białostocka Czarni IV Liga
3%
Olecko Czarni Liga Okręgowa
3%
Dęblin Czarni 1947 Klasa A
3%
Barcin Dąb Klasa A
3%
Dąbrowa Tarnowska Dąbrovia Liga Okręgowa
3%
Sanok Ekoball IV Liga
3%
Karpacz FC Klasa B
3%
Głogówek Fortuna IV Liga
3%
Kurów Garbarnia Klasa A
3%
Choszczno Gavia IV Liga
3%
Głuchołazy GKS Liga Okręgowa
3%
Żukowo GKS Klasa A
3%
Tychowo Głaz Klasa A
3%
Głogów Małopolski Głogovia Liga Okręgowa
3%
Wronki Górka Klasa B
3%
Węgliniec Górnik Klasa A
3%
Wojkowice Górnik Liga Okręgowa
3%
Kłodawa Górnik Klasa A
3%
Bogatynia Granica Klasa A
3%
Więcbork Grom Klasa A
3%
Wolsztyn Grom Klasa A
3%
Polanów Gryf Liga Okręgowa
3%
Szczytno Gwardia Liga Okręgowa
3%
Maków Podhalański Halniak Liga Okręgowa
3%
Tykocin Hetman IV LIga
3%
Włoszczowa Hetman IV Liga
3%
Hrubieszów Huragan Liga Okręgowa
3%
Pobiedziska Huragan IV Liga
3%
Krasnobród Igros Klasa A
3%
Inowłódz IKS Klasa A
3%
Białogard Iskra Liga Okręgowa
3%
Janów Lubelski Janowianka IV Liga
3%
Knyszyn Jastrząb Klasa A
3%
Jordanów Jordan V Liga
3%
Warta Jutrzenka Liga Okręgowa
3%
Sierpc Kasztelan V Liga
3%
Koluszki KKS Liga Okręgowa
3%
Mikołajki Kłobuk Liga Okręgowa
3%
Babimost Klon Klasa B
3%
Zaniemyśl Kłos V Liga
3%
Łaszczów Korona Liga Okręgowa
3%
Góra Kalwaria Korona Liga Okręgowa
3%
Kąty Wrocławskie KP Klasa A
3%
Glinojeck Kryształ Liga Okręgowa
3%
Bobowa KS Klasa A
3%
Olkusz KS Liga Okręgowa
3%
Magnuszew KS Klasa A
3%
Michałowo KS IV Liga
3%
Kowal Kujawiak IV Liga
3%
Strzelno Kujawianka Klasa B
3%
Łosice ŁDK Liga Okręgowa
3%
Czaplinek Lech Liga Okręgowa
3%
Piechowice Lechia Liga Okręgowa
3%
Pilzno Legion IV Liga
3%
Zakroczym Lider Klasa B
3%
Kamionka LKS Liga Okręgowa
3%
Łochów ŁKS Klasa A
3%
Strzeleczki LKS Klasa B
3%
Brześć Kujawski Łokietek IV Liga
3%
Twardogóra Lotnik Klasa A
3%
Drezdenko Lubuszanin Liga Okręgowa
3%
Trzcianka Lubuszanin V Liga
3%
Strzelce Krajeńskie Łucznik IV Liga
3%
Bodzentyn Łysica Klasa A
3%
Krynki LZS IV Liga
3%
Piątek Malina Klasa B
3%
Rawa Mazowiecka Mazovia IV Liga
3%
Goraj Metalowiec Klasa A
3%
Lubraniec MGKS Klasa A
3%
Wołów MKP Liga Okręgowa
3%
Nowe Miasteczko MKS Klasa A
3%
Żychlin MKS Klasa B
3%
Libiąż MKS Klasa B
3%
Kańczuga MKS Klasa A
3%
Debrzno MKS Klasa A
3%
Korsze MKS Klasa A
3%
Miłakowo MKS Klasa A
3%
Ruciane-Nida MKS Klasa B
3%
Morawica Moravia IV Liga
3%
Pułtusk Nadnarwianka V Liga
3%
Nowe Brzesko Nadwiślanka Klasa A
3%
Grodzisk Wielkopolski Nasza Dyskobolia V liga
3%
Poddębice Ner IV Liga
3%
Pakość Notecianka Liga Okręgowa
3%
Kościan Obra IV Liga
3%
Miasteczko Śląskie Odra V Liga
3%
Chojna Odra Liga Okręgowa
3%
Olsztynek Olimpia Liga Okręgowa
3%
Koło Olimpia V Liga
3%
Olszyna Olsza Klasa A
3%
Cegłów Orion Klasa B
3%
Wąsosz Orla Klasa A
3%
Aleksandrów Kujawski Orlęta IV Liga
3%
Suchedniów Orlicz IV Liga
3%
Kazimierz Dolny Orły Klasa A
3%
Kolno Orzeł IV Liga
3%
Wałcz Orzeł IV Liga
3%
Chorzele Orzyc Klasa B
3%
Myślibórz Osadnik Liga Okręgowa
3%
Płońsk PAF V Liga
3%
Buk Patria Liga Okręgowa
3%
Piaski Piaskovia Liga Okręgowa
3%
Bolków Piast Klasa B
3%
Zawidów Piast Klasa A
3%
Czerwieńsk Piast Klasa A
3%
Kobylin Piast Liga Okręgowa
3%
Nowe Miasto nad Pilicą Pilica Klasa A
3%
Koniecpol Pilica V Liga
3%
Pilica Piliczanka Liga Okręgowa
3%
Brańsk Pionier IV Liga
3%
Barczewo Pisa IV Liga
3%
Góra Pogoń Liga Okręgowa
3%
Pieszyce Pogoń Liga Okręgowa
3%
Świerzawa Pogoń Klasa A
3%
Wleń Pogoń Klasa B
3%
Skwierzyna Pogoń IV Liga
3%
Wschowa Pogoń Liga Okręgowa
3%
Prabuty Pogoń Klasa A
3%
Blachownia Pogoń Klasa B
3%
Imielin Pogoń Liga Okręgowa
3%
Łobżenica Pogoń Liga Okręgowa
3%
Śmigiel Pogoń Liga Okręgowa
3%
Piotrków Trybunalski Polonia IV Liga
3%
Biała Polonia Klasa A
3%
Prószków Polonia Liga Okręgowa
3%
Chodzież Polonia IV Liga
3%
Golina Polonia IV Liga
3%
Jastrowie Polonia Liga Okręgowa
3%
Nowogard Pomorzanin 1964 Liga Okręgowa
3%
Sejny Pomorzanka Liga Okręgowa
3%
Mońki Promień IV Liga
3%
Opalenica Promień Klasa A
3%
Wieruszów Prosna Liga Okręgowa
3%
Hajnówka Puszcza Liga Okręgowa
3%
Rawicz Rawia V Liga
3%
Zabłudów Rudnia Liga Okręgowa
3%
Będzin Sarmacja Liga Okręgowa
3%
Wadowice Skawa Liga Okręgowa
3%
Drobin Skra Klasa A
3%
Sławno Sława Liga Okręgowa
3%
Sobótka Ślęża Klasa A
3%
Słomniki Slomniczanka Klasa B
3%
Kobylnica Słupia Liga Okręgowa
3%
Orzysz Śniardwy Liga Okręgowa
3%
Zwierzyniec Sokół Klasa A
3%
Leśnica Sokół Klasa B
3%
Niemodlin Sokół Klasa A
3%
Karlino Sokół Liga Okręgowa
3%
Ziębice Sparta Klasa A
3%
Janowiec Wielkopolski Sparta Klasa B
3%
Oborniki Sparta V Liga
3%
Szamotuły Sparta V Liga
3%
Gryfice Sparta IV Liga
3%
Węgorzyno Sparta Klasa A
3%
Daleszyce Spartakus IV Liga
3%
Siedliszcze Spółdzielca Klasa A
3%
Zawadzkie Stal Liga Okręgowa
3%
Nowa Dęba Stal Liga Okręgowa
3%
Żywiec Stal-Śrubiarnia V Liga
3%
Radziejów Start Klasa A
3%
Brzeziny Start Liga Okręgowa
3%
Lubomierz Stella Klasa A
3%
Tyczyn Strug Liga Okręgowa
3%
Międzylesie Sudety Klasa B
3%
Wolbórz Szczerbiec Klasa A
3%
Nowy Wiśnicz Szreniawa V Liga
3%
Szubin Szubinianka Klasa A
3%
Brusy Tęcza Klasa A
3%
Mszana Dolna Turbacz V Liga
3%
Rejowiec Unia Liga Okręgowa
3%
Ujazd Union Liga Okręgowa
3%
Węgorzewo Vęgoria Liga Okręgowa
3%
Koronowo Victoria Klasa A
3%
Szadek Victoria Klasa A
3%
Sianów Victoria Liga Okręgowa
3%
Osjaków Warta Klasa A
3%
Obrzycko Warta Klasa A
3%
Śrem Warta IV Liga
3%
Wodzisław Śląski Wicher Wilchwy Klasa A
3%
Pelplin Wierzyca IV Liga
3%
Szczucin Wisła Klasa A
3%
Strumień Wisła Liga Okręgowa
3%
Nowy Korczyn Wisła Klasa A
3%
Borek Wielkopolski Wisła Liga Okręgowa
3%
Wieluń WKS 1957 Liga Okręgowa
3%
Kudowa-Zdrój Włókniarz Klasa A
3%
Frampol Włókniarz Klasa A
3%
Zelów Włókniarz Liga Okręgowa
3%
Przemków Zamet Klasa A
3%
Pajęczno Zawisza Liga Okręgowa
3%
Nasielsk Żbik V Liga
3%
Jedlina-Zdrój Zdrój Liga Okręgowa
3%
Kaczory Zjednoczeni Klasa B
3%
Złoczew Złoczevia Liga Okręgowa
3%
Dobrzany Zorza Liga Okręgowa
3%
Nowy Dwór Gdański Żuławy Liga Okręgowa
3%
Mosina 1920 Liga Okręgowa
0%
Piekoszów Astra Liga Okręgowa
0%
Sucha Beskidzka Babia Góra Liga Okręgowa
0%
Tolkmicko Barkas Klasa A
0%
Myszyniec Bartnik Klasa A
0%
Przedecz Baszta Klasa A
0%
Biała Rawska Białka Klasa B
0%
Koźmin Wielkopolski Biały Orzeł Liga Okręgowa
0%
Ustrzyki Dolne Bieszczady Liga Okręgowa
0%
Odrzywół Blask Klasa A
0%
Błażowa Błażowianka IV Liga
0%
Ropczyce Błękitni IV Liga
0%
Barwice Błonie Klasa B
0%
Bukowno Bolesław Liga Okręgowa
0%
Brzesko Brzesko IV Liga
0%
Brzostek Brzostowianka Liga Okręgowa
0%
Brzozów Brzozovia Klasa A
0%
Ozorków Bzura Liga Okręgowa
0%
Kalisz Pomorski Calisia Liga Okręgowa
0%
Kargowa Cargovia Liga Okręgowa
0%
Nowogrodziec Chrobry Liga Okręgowa
0%
Ciężkowice Ciężkowianka Klasa A
0%
Nałęczów Cisy Liga Okręgowa
0%
Zduny CKS Klasa B
0%
Cieszyn CKS Piast Liga Okręgowa
0%
Świątniki Górne Clavia Klasa A
0%
Murowana Goślina Concordia Liga Okręgowa
0%
Lubawa Constract Liga Okręgowa
0%
Barlinek CRS Liga Okręgowa
0%
Lwówek Śląski Czarni Klasa A
0%
Rozprza Czarni Klasa A
0%
Oleszyce Czarni Klasa B
0%
Pyskowice Czarni Klasa B
0%
Czerniejewo Czarni Klasa A
0%
Dobrzyca Czarni Liga Okręgowa
0%
Cedynia Czcibor Klasa A
0%
Krzyż Wielkopolski Drawa Klasa A
0%
Drawno Drawa Klasa B
0%
Drawsko Pomorskie Drawa Klasa A
0%
Golub-Dobrzyń Drwęca Liga Okręgowa
0%
Zakliczyn Dunajec Liga Okręgowa
0%
Dynów Dynovia Klasa A
0%
Zalewo Ewingi Klasa A
0%
Chrzanów Fablok Klasa A
0%
Nowogród Bobrzański Fadom Klasa B
0%
Międzyzdroje Fala Klasa A
0%
Różan FC 2012 Klasa B
0%
Siennica Felix Liga Okręgowa
0%
Wieleń Fortuna Klasa A
0%
Kępice Garbarnia Klasa B
0%
Drzewica Gerlach Liga Okręgowa
0%
Dobre GKS Klasa A
0%
Stawiski GKS Klasa A
0%
Iwaniska GKS Klasa A
0%
Jaraczewo GKS Liga Okręgowa
0%
Sompolno GKS Liga Okręgowa
0%
Żerków GKS Liga Okręgowa
0%
Wysoka GLKS Liga Okręgowa
0%
Miękinia Gmina Klasa B
0%
Sułkowice Gościbia Klasa A
0%
Wiślica Gród Klasa A
0%
Grybów Grybovia IV Liga
0%
Kamień Pomorski Gryf IV Liga
0%
Czempiń Helios Liga Okręgowa
0%
Biały Bór Hubertus Klasa A
0%
Pieńsk Hutnik Liga Okręgowa
0%
Szczytna Hutnik Klasa B
0%
Kazanów Iłżanka Klasa A
0%
Małomice Iskra Klasa A
0%
Jawornik Polski Iskra Klasa A
0%
Krajenka Iskra Liga Okręgowa
0%
Golczewo Iskra Klasa A
0%
Jadów Jadowiczanka Liga Okręgowa
0%
Tuszyn Jagiellonia Klasa A
0%
Dziwnów Jantar Liga Okręgowa
0%
Szczawnica Jarmuta Klasa A
0%
Książ Wielki Jastrzębiec Klasa A
0%
Tuczno Jedność Klasa A
0%
Jedlnia-Letnisko Jodła V Liga
0%
Koziegłowy Jurand Klasa B
0%
Cieszanów Juwenia Klasa A
0%
Kamień Krajeński Kamionka Klasa B
0%
Konstantynów Łódzki KAS Liga Okręgowa
0%
Żarnów Kasztelan Liga Okręgowa
0%
Kikół Kikolanka-Ogończyk Klasa B
0%
Klimontów Klimontowianka IV Liga
0%
Budzyń Kłos V Liga
0%
Pełczyce Kłos Liga Okręgowa
0%
Kolbuszowa Kolbuszowianka Liga Okręgowa
0%
Kiernozia Kopernik Klasa B
0%
Koprzywnica Koprzywianka Klasa A
0%
Kożuchów Korona Liga Okręgowa
0%
Człopa Korona Klasa B
0%
Stawiszyn Korona/Pogoń Liga Okręgowa
0%
Mieroszów KP MCK Klasa B
0%
Sępólno Krajeńskie Krajna Klasa A
0%
Krobia Krobianka V Liga
0%
Krośniewice Krośniewianka Klasa B
0%
Stronie Śląskie Kryształ Liga Okręgowa
0%
Chełmek KS V Liga
0%
Ryglice KS Klasa B
0%
Krzanowice KS Klasa A
0%
Kuźnia Raciborska KS Klasa B
0%
Opatówek KS Liga Okręgowa
0%
Rogoźno KS Klasa A
0%
Szklarska Poręba KS Wojcieszyce Klasa A
0%
Izbica Kujawska Kujawianka Liga Okręgowa
0%
Świeradów-Zdrój Kwisa Klasa B
0%
Sulechów Lech Klasa A
0%
Sędziszów Małopolski Lechia Liga Okręgowa
0%
Kłecko Lechita Klasa A
0%
Głowaczów Legion Klasa A
0%
Margonin Leśnik Liga Okręgowa
0%
Reda Liga Okręgowa Liga Okręgowa
0%
Mikstat Lilia Liga Okręgowa
0%
Krzepice Liswarta V Liga
0%
Łęknica ŁKS Liga Okręgowa
0%
Białaczów LKS Klasa A
0%
Łazy ŁKS Liga Okręgowa
0%
Ślesin LKS V Liga
0%
Skała LKS 2004 Klasa A
0%
Żory LKS Baranowice Klasa A
0%
Orzesze LKS Woszyce Klasa A
0%
Wyrzysk Łobzonka Liga Okręgowa
0%
Lubniewice Lubniewiczanka Klasa A
0%
Lwówek Lwowianka Liga Okręgowa
0%
Sępopol Łyna Klasa B
0%
Resko Mewa Liga Okręgowa
0%
Baborów MGKS Klasa B
0%
Działoszyce MGTS Klasa B
0%
Mieszkowice Mieszko Klasa A
0%
Mirosławiec Mirstal Klasa B
0%
Czerwionka-Leszczyny MKS Czerwionka Klasa A
0%
Radków MLKS Liga Okręgowa
0%
Żabno MLKS V Liga
0%
Woźniki MLKS Klasa A
0%
Mogielnica Mogielanka Klasa B
0%
Moryń Morzycko Liga Okręgowa
0%
Alwernia MZKS Klasa A
0%
Jedlicze Nafta-Splast Liga Okręgowa
0%
Ostroróg Nałęcz Klasa A
0%
Jabłonowo Pomorskie Naprzód Klasa A
0%
Niemcza Niemczanka Klasa B
0%
Nekla NKS Płomień Klasa B
0%
Miasteczko Krajeńskie Notec Liga Okręgowa
0%
Odolanów Odolanovia Liga Okręgowa
0%
Piwniczna-Zdrój Ogniwo Klasa B
0%
Opatów OKS Liga Okręgowa
0%
Gościno Olimp Liga Okręgowa
0%
Złocieniec Olimp Liga Okręgowa
0%
Kamienna Góra Olimpia Liga Okręgowa
0%
Jeżów Olimpia Klasa A
0%
Wojnicz Olimpia Klasa A
0%
Kisielice Olimpia Klasa A
0%
Wielbark Omulew Klasa A
0%
Suchań Orkan Klasa A
0%
Jutrosin Orla Liga Okręgowa
0%
Reszel Orlęta Liga Okręgowa
0%
Miłosław Orlik Klasa A
0%
Zielonka Orły Klasa B
0%
Pniewy Orły Klasa A
0%
Zagórów Orły Liga Okręgowa
0%
Orneta Orneta Liga Okręgowa
0%
Wojcieszów Orzeł Klasa A
0%
Kcynia Orzeł Klasa B
0%
Szlichtyngowa Orzeł Klasa B
0%
Parzęczew Orzeł Liga Okręgowa
0%
Gielniów Orzeł Klasa A
0%
Rudnik nad Sanem Orzeł Klasa B
0%
Trzcińsko-Zdrój Orzeł Liga Okręgowa
0%
Piekary Śląskie Orzeł BiałyBrzeziny Śląskie Klasa A
0%
Zagórz Osława Klasa A
0%
Kołaczyce Ostoja Klasa A
0%
Radoszyce Partyzant Liga Okręgowa
0%
Wodzisław Partyzant Liga Okręgowa
0%
Grabów nad Prosną Pelikan Klasa A
0%
Łasin Piast Klasa A
0%
Czchów Piast Klasa B
0%
Przyrów Piast Klasa A
0%
Osiek Piast Klasa A
0%
Stopnica Piast Klasa A
0%
Poniec Piast Klasa A
0%
Bieruń Piast Gol Liga Okręgowa
0%
Wielichowo Pieczarka Klasa B
0%
Piława Górna Piławianka Klasa A
0%
Przedbórz Pilica Klasa A
0%
Sośnicowice Płomień Klasa B
0%
Biecz Podhalanin Liga Okręgowa
0%
Świebodzin Pogoń IV Liga
0%
Ryn Pogoń Klasa A
0%
Książ Wielkopolski Pogoń Klasa A
0%
Połczyn-Zdrój Pogoń Liga Okręgowa
0%
Staszów Pogoń 1945 IV Liga
0%
Dubiecko Pogórze Klasa A
0%
Pierzchnica Polanie Klasa A
0%
Iłża Polonia Liga Okręgowa
0%
Pasłęk Polonia Liga Okręgowa
0%
Świdnica Polonia-Stal Liga Okręgowa
0%
Serock Pomorzanin Liga Okręgowa
0%
Skórcz Pomorzanka Klasa A
0%
Kowalewo Pomorskie Promień Liga Okręgowa
0%
Krzywiń Promień Liga Okręgowa
0%
Chocz Prosna Klasa B
0%
Wolbrom Przejbój Liga Okręgowa
0%
Dukla Przełęcz Liga Okręgowa
0%
Pyzdry Pyzdry Klasa A
0%
Stąporków Radiators Klasa B
0%
Radłów Radłovia Liga Okręgowa
0%
Radomyśl Wielki Radomyślanka Liga Okręgowa
0%
Radzyń Chełmiński Radzynianka Klasa A
0%
Raszków Raszkowianka Klasa B
0%
Raciąż Rawys Liga Okręgowa
0%
Bisztynek Reduta Klasa A
0%
Trzebiatów Rega Liga Okręgowa
0%
Recz Remor Liga Okręgowa
0%
Ulanów Retman Klasa A
0%
Narol Roztocze Klasa A
0%
Bojanowo Ruch Liga Okręgowa
0%
Rydzyna Rydzyniak Liga Okręgowa
0%
Zaklików Sanna Klasa B
0%
Lesko Sanovia Klasa A
0%
Dobra Sarmata Liga Okręgowa
0%
Skaryszew Skaryszewianka Klasa A
0%
Sulejów Sklanik Liga Okręgowa
0%
Skępe Skompensis Klasa B
0%
Słupca SKP V Liga
0%
Halinów Ślimak Liga Okręgowa
0%
Gniew Sobieski Klasa B
0%
Lutomiersk Sokół Klasa B
0%
Lututów Sokół Klssa B
0%
Stary Sącz Sokół Klasa A
0%
Przytyk Sokół Klasa A
0%
Nisko Sokół IV Liga
0%
Sokołów Małopolski Sokół Liga Okręgowa
0%
Olsztyn Sokół Klasa A
0%
Mieścisko Sokół Liga Okręgowa
0%
Rakoniewice Sokół Liga Okręgowa
0%
Szamocin Sokół V liga
0%
Pyrzyce Sokół Liga Okręgowa
0%
Nowe Miasto Sona Liga Okręgowa
0%
Lubliniec Sparta Klasa A
0%
Szczekociny Sparta Klasa A
0%
Miejska Górka Sparta Klasa B
0%
Złotów Sparta V Liga
0%
Szepietowo Sparta 1951 Liga Okręgowa
0%
Ośno Lubuskie Spójnia Liga Okręgowa
0%
Świdwin Spojnia Liga Okręgowa
0%
Szprotawa Sprotavia IV Liga
0%
Sulęcin Stal IV Liga
0%
Kunów Stal Liga Okręgowa
0%
Pleszew Stal Liga Okręgowa
0%
Lipiany Stal Klasa A
0%
Pruchnik Start Liga Okręgowa
0%
Rymanów Start Liga Okręgowa
0%
Łeba Start Klasa A
0%
Miastko Start Liga Okręgowa
0%
Wyszogród Stegny Liga Okręgowa
0%
Sulmierzyce Sulmirczyk Klasa A
0%
Kwidzyn Supra Liga Okręgowa
0%
Kamieńsk Świt Klasa A
0%
Wiązów Świteź Klasa B
0%
Cybinka Syrena Klasa B
0%
Zbąszynek Syrena IV Liga
0%
Młynary Syrena Klasa A
0%
Boguszów-Gorce Szczyt Liga Okręgowa
0%
Koszyce Szreniawa Klasa A
0%
Sztum Sztum Klasa A
0%
Przecław Team Klasa A
0%
Krosno Odrzańskie Tęcza Liga Okręgowa
0%
Osieczna Tęcza/Osa Liga Okręgowa
0%
Uniejów Termy Klasa A
0%
Torzym Toroma Liga Okręgowa
0%
Tuchola Tucholanka Liga Okręgowa
0%
Tuchów Tuchovia Liga Okręgowa
0%
Tuliszków Tulisia Liga Okręgowa
0%
Tarczyn UKS Klasa B
0%
Sławków UKS Klasa A
0%
Nowa Sarzyna Unia Liga Okręgowa
0%
Sędziszów Unia Liga Okręgowa
0%
Susz Unia Klasa A
0%
Ujście Unia Klasa A
0%
Mysłowice Unia Kosztowy Liga Okręgowa
0%
Dąbrowa Górnicza Unia Ząbkowice Liga Okręgowa
0%
Górzno Unifreeze Klasa B
0%
Ujazd Union Liga Okręgowa
0%
Świebodzice Victoria Klasa A
0%
Grabów Victoria Klasa B
0%
Skalbmierz Victoria IV Liga
0%
Bartoszyce Victoria Liga Okręgowa
0%
Ostrzeszów Victoria Liga Okręgowa
0%
Ciepielów Video Klasa B
0%
Witkowo Vitcovia Klasa B
0%
Pieniężno Walsza Klasa A
0%
Międzychód Warta IV Liga
0%
Sieraków Warta Klasa B
0%
Czarna Woda Wda Klasa B
0%
Skoki Wełna V Liga
0%
Dobra Wicher Klasa B
0%
Rabka-Zdrój Wierchy Liga Okręgowa
0%
Skarszewy Wietcisa Liga Okręgowa
0%
Solec nad Wisłą Wisełka Klasa B
0%
Dobrzyń nad Wisłą Wisła IV Liga
0%
Nowe Wisła Klasa B
0%
Czarny Dunajec Wisła V Liga
0%
Bobrowniki Wiślanin Klasa B
0%
Strzyżów Wisłok Klasa A
0%
Bieżuń Wkra Liga Okręgowa
0%
Sochocin Wkra Klasa B
0%
Głuszyca Włókniarz Liga Okręgowa
0%
Leśna Włókniarz Liga Okręgowa
0%
Mirsk Włókniarz Liga Okręgowa
0%
Okonek Włókniarz Klasa A
0%
Borne Sulinowo Wrzos Klasa A
0%
Frombork Zalew Klasa B
0%
Stepnica Zalew Klasa A
0%
Kamieniec Ząbkowicki Zamek Liga Okręgowa
0%
Gołańcz Zamek V Liga
0%
Toszek Zamkowiec Klasa A
0%
Zator Zatorzanka Klasa A
0%
Rzgów Zawisza Liga Okręgowa
0%
Sienno Zawisza Liga Okręgowa
0%
Dolsk Zawisza Liga Okręgowa
0%
Chmielnik Zenit Klasa A
0%
Żarki Zieloni Liga Okręgowa
0%
Koźminek Zieloni Liga Okręgowa
0%
Piotrków Kujawski Zjednoczeni Klasa A
0%
Brody Zjednoczeni Klasa A
0%
Rychwał Zjednoczeni Liga Okręgowa
0%
Trzemeszno Zjednoczeni V Liga
0%
Pacanów Zorza Klasa A
0%
Łopuszno Zryw Klasa A
0%
Nie znaleziono quizów pasujących do podanych kryteriów
Rozkład punktacji
Procent ludzi z każdym wynikiem
Percentyl według liczby udzielonych odpowiedzi
Twoja historia wyników
Nie rozwiązałeś tego quizu od ostatniego zresetowania